Score 0/16 Timer 01:30
1 Play Today
Hint 4-Letter Word % Correct
Where you liveHOME
96.8%
What a detective works onCASE
94.7%
Clenched handFIST
93.9%
● 'Won't you ___?' ●● COME ●
93.7%
Aquatic animalFISH
93.6%
Quick, speedyFAST
93.6%
What you make on a starWISH
92.8%
Garment for DraculaCAPE
92.8%
Hint 4-Letter Word % Correct
● 'And ___ away the rain?' ●● WASH ●
92.1%
Paper moneyCASH
92%
● 'Black ___ sun...' ●● HOLE ●
89.2%
Handle adversityCOPE
87.3%
A trivia truthFACT
83.8%
● 'Hides the ___, lies the snake.' ●● FACE ●
77.6%
● 'Call my ___ through the cream.' ●● NAME ●
71.6%
Film about a musical high schoolFAME
71.1%

Today's Daily Dose

Remove Ads.
Support Sporcle.
Get the best of Sporcle when you Go Orange. This ad-free experience offers more features, more stats, and more fun while also helping to support Sporcle. Thank you for becoming a member.

You're not logged in!

Compare scores with friends on all Sporcle quizzes.
OR
Log In

Show Comments

Extras

Top Quizzes Today


Score Distribution

Your Account Isn't Verified!

In order to create a playlist on Sporcle, you need to verify the email address you used during registration. Go to your Sporcle Settings to finish the process.

Report this User

Report this user for behavior that violates our Community Guidelines.

Details: